Online Catalogue and eLibrary

Women at the crossroads : (Record no. 90)

MARC details
000 -LEADER
fixed length control field 00672cam a2200205 a 4500
001 - CONTROL NUMBER
control field 4830939
005 - DATE AND TIME OF LATEST TRANSACTION
control field 20231127234716.0
008 - FIXED-LENGTH DATA ELEMENTS--GENERAL INFORMATION
fixed length control field 900309s1990 ii b 001 0 eng
020 ## - INTERNATIONAL STANDARD BOOK NUMBER
ISBN 0706945255 :
040 ## - CATALOGING SOURCE (பட்டியலாக்க மூலம்)
Original cataloging agency DLC
Transcribing agency DLC
Modifying agency DLC
082 ## - DDC Classification
DDC Edition Number 22
Class No. 305.4
245 00 - TITLE STATEMENT
Title Women at the crossroads :
Remainder of title a Sri Lankan perspective /
Statement of responsibility, etc. edited by Sirima Kiribamune, Vidyamali Samarasinghe.
260 ## - PUBLICATION, DISTRIBUTION, ETC.
Place of publication, distribution, etc. New Delhi :
Name of publisher, distributor, etc. International Centre for Ethnic Studies in association with NORAD and Vikas Pub. House,
Date of publication, distribution, etc. 1990.
300 ## - PHYSICAL DESCRIPTION
Extent (e.g. Volumes, Pages etc.) xxi, 248 p. ;
650 #0 - SUBJECT ADDED ENTRY--TOPICAL TERM
Topical term or geographic name entry element Women
650 #0 - SUBJECT ADDED ENTRY--TOPICAL TERM
Topical term or geographic name entry element Women's rights
700 1# - ADDED ENTRY--PERSONAL NAME
Personal name Kiribamune, Sirima.
Relator term (Role) Editor
700 1# - ADDED ENTRY--PERSONAL NAME
Personal name Samarasinghe, Vidyamali.
Relator term (Role) Editor
942 ## - Koha item type (Biblio)
Koha item type Books in Stacks (Lending)
Holdings
Lost status Damaged status Collection code Home library Current library Date acquired Full call number Accession Number Item type
    Lending WERC Library WERC Library 11/28/2023 305.4 1838 Books in Stacks (Lending)

© WERC Library